| 000 | 00848nam a2200241 4500 | ||
|---|---|---|---|
| 001 | 140110 | ||
| 003 | ES-MaACL | ||
| 005 | 20250923160915.0 | ||
| 007 | t| | ||
| 008 | 070214s1951 sp r ||||1| spa d | ||
| 100 | 1 |
_aSchueller, George K. _9104743 |
|
| 245 | 1 | 3 |
_aEl polit-buró / _cGeorge K. Schueller ; advertencia preliminar por J. Vicens Vives ; traducción de E. Borrás Cubells. |
| 260 |
_aBarcelona : _bUniversidad, _c1951. |
||
| 300 |
_a149 p. ; _c20 cm. |
||
| 490 | 1 | _aCol. hilani | |
| 500 | _aPrecede al tít.: Centro de Estudios Históricos Internacionales. | ||
| 700 | 1 |
_aVicens Vives, Jaime, _d1910-1960 _9114319 |
|
| 700 | 1 |
_aBorrás Cubells, Enric. _930558 |
|
| 710 | 2 |
_aCentro de Estudios Históricos Internacionales. _92646 |
|
| 830 | 0 |
_aCol. hilani _9220296 |
|
| 852 |
_aES-MaACL _jC-6075 |
||
| 999 |
_c140110 _d140110 |
||